Kirātī dantya-kathā. (Record no. 72603)

MARC details
000 -LEADER
fixed length control field 00580cam a22002171 4500
001 - CONTROL NUMBER
control field sa 67001401
003 - CONTROL NUMBER IDENTIFIER
control field DLC
005 - DATE AND TIME OF LATEST TRANSACTION
control field 20260227112322.0
008 - FIXED-LENGTH DATA ELEMENTS--GENERAL INFORMATION
fixed length control field 890713s1964 np ch 000 0 nepo
010 ## - LIBRARY OF CONGRESS CONTROL NUMBER
LC control number sa 67001401
035 ## - SYSTEM CONTROL NUMBER
System control number (OCoLC)20004200
040 ## - CATALOGING SOURCE
Original cataloging agency DLC
Transcribing agency WaU
Modifying agency DLC
050 00 - LIBRARY OF CONGRESS CALL NUMBER
Classification number GR305.5.K56
Item number C45
100 1# - MAIN ENTRY--PERSONAL NAME
Personal name Cemjoṅga, Īmāna Siṃha,
Dates associated with a name 1904-1976.
245 10 - TITLE STATEMENT
Title Kirātī dantya-kathā.
260 ## - PUBLICATION, DISTRIBUTION, ETC.
Date of publication, distribution, etc. [1964/65]
300 ## - PHYSICAL DESCRIPTION
Extent 101 p.
Other physical details facsim., port.
Dimensions 18 cm.
500 ## - GENERAL NOTE
General note In Nepali.
650 #0 - SUBJECT ADDED ENTRY--TOPICAL TERM
Topical term or geographic name entry element Kiranti (Asian people)
General subdivision Folklore.
650 #0 - SUBJECT ADDED ENTRY--TOPICAL TERM
Topical term or geographic name entry element Legends
Geographic subdivision Asia.

No items available.

Powered by Koha